000 00476nam a2200181Ia 4500
008 220531s9999 xx 000 0 und d
041 _aeng
082 _a-
_bEMB / BAN
100 _aBangali, J. A. & Others
_981022
245 _aEmbedded System Design Sem-IV
250 _a1 st
260 _aPune
_bNirali
_c2021
300 _a4.2
542 _d16-03-2021
650 _aElectronics
_981023
906 _cS.Y.B.S.C.(Comp.)
_d2020-2021
_f19508
999 _c44755
_d44755